Responses for Show #343 - Wednesday, January 1, 1986

Contestants

[<< previous game]

Kathy Harley, a writer originally from Norfolk, Virginia

Jeff Palmer, a developer originally from Palm Springs, California

Dan Alves, an engineering supervisor from Santa Maria, California (whose 3-day cash winnings total $36,100)

[next game >>]

Jeopardy! Round responses

MEDICINE
NUMBERS
DISNEY
WORLD GEOGRAPHY
FASHION
CARS IN SONG
    $100 13
lockjaw

Kathy!
    $100 21
10

Jeff
    $100 3
Bambi

Kathy!
    $100 8
Africa

Jeff
    $100 23
a toga

Dan
    $100 1
a T-Bird

Jeff
    $200 14
Hippocrates

Kathy!
    $200 22
(Alex: And we've got about a minute to go in the round.)

1985

Kathy!
    $200 4
(Jeff: What's Disney?)
(Alex: Be more specific.)
(Jeff: What's [*]?)
...
(Alex: I have to be sure that you know.)

Disney backwards

Jeff
    $200 9
(Jeff: What's Colombia?)

Canada

DanJeff
    $200 2
a Chevrolet

Kathy!
    $300 15
laughing gas

Jeff
    $300 24
3

Jeff
    $300 18
(Kathy: What is Disneyland?)
(Dan: What are the Disney parks--Disneyland, Walt Disney World, and Japan's Disneyland?)

Vacation Kingdom at Walt Disney World

DanKathy!
Triple Stumper
    $300 10
Brazil

Jeff
    $500 5
The Little Old Lady From Pasadena

Jeff
    $400 16
Leonardo da Vinci

Dan
    $400 25
the 4th piggy

Triple Stumper
    $400 19
(Jeff: Who is Geppetto?)

Jiminy Cricket

DanJeff
    $400 11
(Dan: What is...)

Death Valley

DanJeff
    $400 6
a GTO

Dan
    $500 17
pathology

Triple Stumper
    $500 26
(Dan: What is 9 in the morning?)
(Kathy: What's 8?)
(Jeff: What's 10?)
(Alex: Dan suddenly realized the mistake, you were all going the wrong way. When it's 12 noon, it's three hours later, it's [*] in Washington, D.C.)

3:00 PM

DanJeffKathy!
Triple Stumper
    $500 20
Doc

Jeff
    $500 12
Constantinople (or Byzantium)

Dan
    $500 27
[The end-of-round signal sounds.]

shorts

Jeff
    $500 7
a Cadillac

Triple Stumper

Scores at the first commercial break (after clue 12):

Dan Jeff Kathy!
$700 $1,400 $300

Scores at the end of the Jeopardy! Round:

Dan Jeff Kathy!
$800 $2,200 $0

Double Jeopardy! Round responses

BUSINESS & INDUSTRY
FIRST LINES
FISH
ARTISTS
SPORTS
W W II
(Alex: World War 2.)
    $200 6
Us

Jeff
    $200 8
God

Dan
    $200 16
Sardinia

Jeff
    $200 21
the dragon

Jeff
    $200 26
football

Dan
    $200 1
(Kathy: What is the Axis?)

the Allies

DanKathy!
    $400 7
L. L. Bean

Kathy!
    $400 12
The Maltese Falcon

Dan
    $400 17
(Kathy: What is a sense of taste?)

a sense of smell

JeffKathy!
    $400 22
"Blue Boy"

Kathy!
    $400 27
missed it

Jeff
    $400 2
(Jeff: What is England?)

Germany

DanJeff
    $600 9
South Africa

Dan
    $1,000 13
(Dan: No way.)

there suck I

Dan
    $600 18
eyes

Dan
    $600 23
(Alex: And we've got less than a minute to go in the round.)

Rembrandt

Kathy!
    $600 28
a steeplechase

Kathy!
    $600 3
Bergen-Belsen

Triple Stumper
    $1,000 10
(Dan: [No response.])

"The public be damned"

Dan
    $800 14
[The clue screen contained the word "for" twice.]
(Jeff: Who is Jack Narz?)
(Dan: Who is Barker?)

Jack Bailey

DanJeff
Triple Stumper
    $800 19
(Dan: What are herbivores?

carnivores

DanJeff
    $800 24
Gauguin

Kathy!
    $800 29
Joe Louis

Triple Stumper
    $800 4
Porsche

Dan
    $1000 11
England & Norway

Jeff
    $1000 15
John Donne

Kathy!
    $1000 20
the anglerfish

Kathy!
    $1000 25
(Alex: Nice going in the artist category!)

Sir Thomas More

Kathy!
    $1000 30
(Alex: I think you people are erring on the side of caution right now. You don't want to take a chance, although you might have an inkling that Tenley Albright won it for [*].)

figure skating

Triple Stumper
    $1000 5
London

Triple Stumper

Scores at the end of the Double Jeopardy! Round:

Dan Jeff Kathy!
$600 $4,200 $5,200

[wagering suggestions for these scores]

Final Jeopardy! Round responses

ELECTIONS
(Alex: Now we go down to the lady who made such a beautiful comeback in Double Jeopardy! She had $5,200. Did she get the right question? What are [**] and [*]? Yes, indeed! [***], [****], [*****], and [******] were the others, how much are you going to add? Oh, wait a minute! Oh, dear. I just--)
[Kathy audibly gasps.]
(Alex: --oh, boy, yes. Somebody just pointed out to me, I hadn't noticed it. Ooh. You didn't phrase it in the form of a question, I'm sorry about that. We can't accept it. You risked $3,201. That leaves you with $1,999, and Jeff, you become the new Jeopardy! champion. Kathy, I'm so sorry for you. We gotta go. Sorry. Sometimes, it works that way. See you next time. Kathy, I'm sorry.)
DanWhat are Wyoming + Rhode Island
$599
JeffWhat are Rhode Island + Alaska
$2,000
Kathy!Alaska, Wyoming
$3,201
(2 of) Wyoming, Alaska, South Dakota, North Dakota, Vermont, and Delaware

Final scores:

Dan Jeff Kathy!
$1 $2,200 $1,999
3rd place: Admiral refrigerator New champion: $2,200 2nd place: trip to San Francisco

Game dynamics:

Coryat scores:

Dan Jeff Kathy!
$2,600 $4,000 $5,200
14 R,
7 W
(including 2 DDs)
18 R
(including 1 DD),
5 W
13 R,
4 W

Combined Coryat: $11,800

[game clues] [game scores] [suggest correction]

Game tape date: 1985-09-04
The J! Archive is created by fans, for fans. Scraping, republication, monetization, and malicious use prohibited; this site may use cookies and collect identifying information. See terms. The Jeopardy! game show and all elements thereof, including but not limited to copyright and trademark thereto, are the property of Jeopardy Productions, Inc. and are protected under law. This website is not affiliated with, sponsored by, or operated by Jeopardy Productions, Inc. Join the discussion at JBoard.tv.